The Monk Who Sold His Ferrari (Record no. 2539)

MARC details
000 -LEADER
fixed length control field 00377nam a22001697a 4500
005 - DATE AND TIME OF LATEST TRANSACTION
control field 20260402153837.0
008 - FIXED-LENGTH DATA ELEMENTS--GENERAL INFORMATION
fixed length control field 160613b xxu||||| |||| 00| 0 eng d
020 ## - INTERNATIONAL STANDARD BOOK NUMBER
ISBN 978-81-7992-9
041 ## - LANGUAGE CODE
Language code of text/sound track or separate title eng
082 ## - DEWEY DECIMAL CLASSIFICATION NUMBER
Classification number 158.1
100 ## - MAIN ENTRY--AUTHOR NAME
Personal name Sharma, Robin
245 ## - TITLE STATEMENT
Title The Monk Who Sold His Ferrari
260 ## - PUBLICATION, DISTRIBUTION, ETC. (IMPRINT)
Name of publisher Jaico Books
300 ## - PHYSICAL DESCRIPTION
Number of Pages 198
650 ## - SUBJECT ADDED ENTRY--TOPICAL TERM
Topical Term Management
942 ## - ADDED ENTRY ELEMENTS (KOHA)
Koha item type Books
Holdings
Lost status Damaged status Collection code Home library Current library Shelving location Date acquired Cost, normal purchase price Full call number Accession Number Koha item type
    LIFE SKILL JRU Library JRU Library SHELF-101-A 13/06/2016 250.00 158.1 7277 Books